[Event "31st World Senior 65+"]
[Site "Citta del Mare ITA"]
[Date "2023.10.29"]
[Round "5.15"]
[White "Djuric, Stefan"]
[Black "Sepliarsky, Mario"]
[Result "1/2-1/2"]
[WhiteTitle "GM"]
[WhiteElo "2223"]
[BlackElo "2056"]
[WhiteFideId "900133"]
[BlackFideId "20003234"]
[EventDate "2023.10.25"]

1. e4 c6 2. c4 d5 3. exd5 cxd5 4. cxd5 Nf6 5. Nc3 Nxd5 6. Nf3 Nc6 7. Bb5 e6 8.
O-O Be7 9. Ne5 Bd7 10. Bxc6 Bxc6 11. d4 O-O 12. Nxc6 bxc6 13. Na4 Bd6 14. Re1
Rb8 15. b3 Qf6 16. Bb2 Qh6 17. g3 f5 18. Rc1 f4 19. Qe2 Rbe8 20. Rxc6 f3 21. Qf1
Bxg3 22. hxg3 Nf4 23. Bc1 Nh3+ 24. Kh2 Nf4+ 25. Kg1 Nh3+ 26. Kh2 Ng5+ 27. Kg1
Nh3+ 28. Kh2 Nf4+ 29. Kg1 Nh3+ 30. Kh2 Nf4+ 31. Kg1 Nh3+ 32. Kh2 Nf4+ 33. Kg1 1/2-1/2

[Event "31st World Senior 65+"]
[Site "Citta del Mare ITA"]
[Date "2023.10.29"]
[Round "5.16"]
[White "Balashov, Yuri S"]
[Black "Taylor, Timothy"]
[Result "1-0"]
[WhiteTitle "GM"]
[BlackTitle "IM"]
[WhiteElo "2390"]
[BlackElo "2112"]
[WhiteFideId "4100263"]
[BlackFideId "2000393"]
[EventDate "2023.10.25"]

1. e4 b6 2. d4 Bb7 3. f3 d6 4. Nc3 Nd7 5. Be3 e5 6. Bc4 Ngf6 7. Nge2 Be7 8. O-O
O-O 9. Qd2 c5 10. dxc5 Nxc5 11. Ng3 Rc8 12. b3 g6 13. Bh6 Re8 14. Nf5 Bf8 15.
Bxf8 Rxf8 16. Nxd6 Ne8 17. Rad1 Nxd6 18. Qxd6 Qg5 19. f4 exf4 20. Qxf4 Qxf4 21.
Rxf4 Kg7 22. Rdf1 f6 23. Rd1 Rcd8 24. Rxd8 Rxd8 25. Bd5 Ba6 26. a4 Nd7 27. Rf2
Ne5 28. h3 Bc8 29. Kf1 Bd7 30. Ke2 Rc8 31. Kd2 Rc5 32. Ne2 Rc7 33. Nd4 Rc8 34.
Be6 Bxe6 35. Nxe6+ Kf7 36. Nf4 Nd7 37. Nd3 Ke6 38. Ke3 Rf8 39. Rd2 Rc8 40. Nf4+
Ke7 41. Nd5+ Ke6 42. Rf2 Rc5 43. Kd4 Rc8 44. b4 a5 45. c3 axb4 46. cxb4 Rc1 47.
Ra2 Ne5 48. Nc3 Nc6+ 49. Kc4 Ke5 50. Rd2 Ke6 51. Kb3 f5 52. exf5+ Kxf5 53. Rd6
Ne7 54. Rd7 Nc6 55. Rd6 Ne7 56. b5 Rg1 57. a5 bxa5 58. b6 Nc8 59. b7 Nxd6 60.
b8=Q Ke6 61. Qg8+ Kf6 62. Qh8+ Ke6 63. g4 Rg3 64. Qxh7 Nb5 65. Qxg6+ 1-0

[Event "31st World Senior 65+"]
[Site "Citta del Mare ITA"]
[Date "2023.10.30"]
[Round "6.1"]
[White "Legky, Nikolay A"]
[Black "Nunn, John D M"]
[Result "1/2-1/2"]
[WhiteTitle "GM"]
[BlackTitle "GM"]
[WhiteElo "2348"]
[BlackElo "2560"]
[WhiteFideId "14100312"]
[BlackFideId "400017"]
[EventDate "2023.10.25"]

1. d4 Nf6 2. c4 g6 3. Nc3 Bg7 4. e4 d6 5. f3 O-O 6. Be3 Nc6 7. Qd2 a6 8. Nge2
Rb8 9. O-O-O b5 10. Bh6 e5 11. Bxg7 Kxg7 12. h4 h5 13. cxb5 axb5 1/2-1/2

[Event "31st World Senior 65+"]
[Site "Citta del Mare ITA"]
[Date "2023.10.30"]
[Round "6.3"]
[White "Fernandez Garcia, Jose Luis"]
[Black "Roos, Louis"]
[Result "1/2-1/2"]
[WhiteTitle "GM"]
[BlackTitle "IM"]
[WhiteElo "2379"]
[BlackElo "2257"]
[WhiteFideId "2200023"]
[BlackFideId "600288"]
[EventDate "2023.10.25"]

1. e4 e6 2. d4 d5 3. exd5 exd5 4. Nf3 Nc6 5. Bb5 Bd6 6. O-O Ne7 7. c4 dxc4 8.
Bxc4 O-O 9. h3 Nf5 10. Bg5 Be7 11. Bxe7 Ncxe7 12. Nc3 Nd6 13. Bb3 Ng6 14. Ne5
Qg5 15. Nxg6 hxg6 16. Qc1 Qh4 17. Qd2 c6 18. Rfe1 Bf5 19. g4 Qxh3 20. gxf5 Qg4+
21. Kf1 Qh3+ 22. Kg1 Qg4+ 23. Kf1 Qh3+ 24. Kg1 1/2-1/2

[Event "31st World Senior 65+"]
[Site "Citta del Mare ITA"]
[Date "2023.10.30"]
[Round "6.5"]
[White "Campora, Daniel H."]
[Black "Reprintsev, Alexander"]
[Result "1-0"]
[WhiteTitle "GM"]
[BlackTitle "IM"]
[WhiteElo "2343"]
[BlackElo "2227"]
[WhiteFideId "100013"]
[BlackFideId "14100541"]
[EventDate "2023.10.25"]

1. e4 e5 2. Nf3 Nc6 3. d4 exd4 4. Nxd4 Nf6 5. Nc3 Bb4 6. Nxc6 bxc6 7. Bd3 d5 8.
exd5 O-O 9. O-O cxd5 10. Bg5 c6 11. Qf3 h6 12. Bxf6 Qxf6 13. Qxf6 gxf6 14. Ne2
Bd6 15. Ng3 Rb8 16. Rab1 Rb4 17. c3 Ra4 18. a3 c5 19. Rbd1 Be6 20. Nf5 Bxf5 21.
Bxf5 Rd8 22. g3 Bc7 23. Rd2 Ra6 24. Rfd1 Rad6 25. Kg2 Bb6 26. c4 d4 27. b4 Re8
28. Bd3 Rde6 29. Kf1 Re5 30. Rb1 Bc7 31. Re2 Bd6 32. b5 Bc7 33. Rbb2 Ba5 34. Ra2
Kg7 35. a4 R8e6 36. Kg2 Kf8 37. Kf3 Ke7 38. Re4 Rh5 39. Kg2 Rhe5 40. Rae2 Bc7
41. Kf1 Rxe4 42. Bxe4 Kd6 43. f4 Ba5 44. Kf2 Re8 45. Kf3 Rg8 46. Bd3 Bb4 47. Kg2
Kd7 48. Bh7 Re8 49. Be4 Kc7 50. Kf3 Kb6 51. Bc6 Rd8 52. Re7 Bc3 53. Ke2 d3+ 54.
Kd1 Rb8 55. Rd7 d2 56. Kc2 Bb4 57. Rxf7 a6 58. Rxf6 Ka5 59. Bf3 axb5 60. axb5
Ka4 61. Ra6+ Ba5 62. f5 Re8 63. f6 Re1 64. Bd1 Rf1 65. b6 Rxf6 66. b7 1-0

[Event "31st World Senior 65+"]
[Site "Citta del Mare ITA"]
[Date "2023.10.30"]
[Round "6.6"]
[White "Moen, Ole Christian"]
[Black "Birnboim, Nathan"]
[Result "1-0"]
[WhiteTitle "FM"]
[BlackTitle "IM"]
[WhiteElo "2157"]
[BlackElo "2342"]
[WhiteFideId "1500457"]
[BlackFideId "2800209"]
[EventDate "2023.10.25"]

1. e4 e5 2. Nf3 Nc6 3. Bb5 a6 4. Ba4 d6 5. O-O Nf6 6. Re1 b5 7. Bb3 Be7 8. c3
O-O 9. a4 b4 10. h3 Rb8 11. d4 Na5 12. Bc2 Nd7 13. Nbd2 Bf6 14. Nf1 Re8 15. Ne3
bxc3 16. bxc3 exd4 17. cxd4 c5 18. Nd5 Bb7 19. Nxf6+ Nxf6 20. d5 Qc7 21. Bb2 Nd7
22. Qd3 Ne5 23. Nxe5 dxe5 24. Bc3 Rbd8 25. Qg3 f6 26. Rf1 Kh8 27. f4 exf4 28.
Rxf4 Nc4 29. Raf1 Ne5 30. Rxf6 gxf6 31. Rxf6 Qg7 32. Bxe5 Rxe5 33. Qxe5 Bc8 34.
Kh2 Rg8 35. g4 Bd7 36. Bb3 Rc8 37. d6 h6 38. Rxh6# 1-0

[Event "31st World Senior 65+"]
[Site "Citta del Mare ITA"]
[Date "2023.10.30"]
[Round "6.7"]
[White "Chapman, Terry P D"]
[Black "Bergstrom, Rolf"]
[Result "1-0"]
[WhiteTitle "FM"]
[BlackTitle "FM"]
[WhiteElo "2284"]
[BlackElo "2152"]
[WhiteFideId "413399"]
[BlackFideId "1702386"]
[EventDate "2023.10.25"]

1. Nf3 Nf6 2. c4 b6 3. g3 Bb7 4. Bg2 g6 5. O-O Bg7 6. Nc3 O-O 7. d4 Ne4 8. Nxe4
Bxe4 9. Be3 c5 10. Qd2 d6 11. Bh6 Nd7 12. Bxg7 Kxg7 13. Rfd1 Nf6 14. Ne1 Bxg2
15. Nxg2 Qc7 16. Rac1 Rfd8 17. Qc3 Kg8 18. b3 cxd4 19. Qxd4 Qc5 20. Qf4 Kg7 21.
Ne3 e6 22. Ng4 Nxg4 23. Qxg4 Rd7 24. e4 Rad8 25. Qe2 h5 26. h4 a6 27. a4 a5 28.
Rc2 f6 29. Rd3 Qe5 30. f4 Qc5+ 31. Kh2 Kf7 32. f5 Qe5 33. fxe6+ Qxe6 34. Qf3 Re8
35. Rf2 Kg7 36. Rd5 Rf7 37. Qf4 Rd8 38. Rfd2 Rfd7 39. Kg2 Kf7 40. Rb5 1-0

[Event "31st World Senior 65+"]
[Site "Citta del Mare ITA"]
[Date "2023.10.30"]
[Round "6.8"]
[White "Wahlbom, Magnus"]
[Black "Ftacnik, Lubomir"]
[Result "1/2-1/2"]
[BlackTitle "GM"]
[WhiteElo "2150"]
[BlackElo "2451"]
[WhiteFideId "1700685"]
[BlackFideId "14900017"]
[EventDate "2023.10.25"]

1. e4 c5 2. Nf3 d6 3. d4 cxd4 4. Nxd4 Nf6 5. Nc3 e6 6. Be2 Be7 7. O-O O-O 8. f4
a6 9. Be3 Qc7 10. Kh1 b5 11. a3 Bb7 12. Bf3 Nbd7 13. Qe1 Rac8 14. Rd1 Rfe8 15.
Bc1 Bf8 16. Qg3 Nc5 17. Rde1 d5 18. e5 Nfe4 19. Bxe4 Nxe4 20. Nxe4 dxe4 21. c3
Kh8 22. f5 exf5 23. Rxf5 g6 24. Bg5 Bg7 25. Bf6 Bxf6 26. Rxf6 Rcd8 27. Qf2 Qxe5
28. Rxf7 Bd5 29. Qf6+ Qxf6 30. Rxf6 Rf8 31. Rxf8+ Rxf8 32. Kg1 1/2-1/2

[Event "31st World Senior 65+"]
[Site "Citta del Mare ITA"]
[Date "2023.10.30"]
[Round "6.9"]
[White "Knaak, Rainer"]
[Black "Hammar, Bengt"]
[Result "1-0"]
[WhiteTitle "GM"]
[BlackTitle "FM"]
[WhiteElo "2451"]
[BlackElo "2136"]
[WhiteFideId "4611250"]
[BlackFideId "1700391"]
[EventDate "2023.10.25"]

1. Nf3 Nf6 2. c4 g6 3. Nc3 Bg7 4. e4 d6 5. d4 O-O 6. h3 c5 7. Be2 cxd4 8. Nxd4
Nc6 9. Be3 Nxd4 10. Bxd4 Bd7 11. O-O Bc6 12. Qc2 Qc7 13. Rac1 Rac8 14. Qd3 a6
15. Qe3 Nd7 16. Bxg7 Kxg7 17. b4 Qb6 18. b5 1-0

[Event "31st World Senior 65+"]
[Site "Citta del Mare ITA"]
[Date "2023.10.30"]
[Round "6.10"]
[White "Lind, Jan-Olov"]
[Black "Balashov, Yuri S"]
[Result "1/2-1/2"]
[BlackTitle "GM"]
[WhiteElo "2169"]
[BlackElo "2390"]
[WhiteFideId "1701193"]
[BlackFideId "4100263"]
[EventDate "2023.10.25"]

1. Nf3 c5 2. e4 Nc6 3. d4 cxd4 4. Nxd4 Nf6 5. Nc3 d6 6. Bc4 Qb6 7. Nb3 e6 8. O-O
a6 9. Be3 Qc7 10. f4 Be7 11. Bd3 Nb4 12. a3 Nxd3 13. cxd3 Bd7 14. Rc1 Bc6 15. f5
Qd7 16. fxe6 fxe6 17. Nd4 O-O 18. h3 h6 19. Qb3 d5 20. e5 Nh7 21. Nce2 Rxf1+ 22.
Rxf1 Nf8 23. Qc3 Ng6 24. Nf4 Nxf4 25. Bxf4 Rf8 26. Bg3 Rxf1+ 27. Kxf1 Qc8 28.
Kg1 Bd7 29. Qd2 Qc5 30. Bf2 Bg5 31. Nb3 Qc7 32. Qe2 Bf4 33. Nc5 Bc8 34. d4 b6
35. Nd3 Bg5 36. h4 Bd8 37. Qh5 Qf7 38. Qg4 h5 39. Qf4 Qg6 40. Qf3 Bd7 1/2-1/2

[Event "31st World Senior 65+"]
[Site "Citta del Mare ITA"]
[Date "2023.10.30"]
[Round "6.11"]
[White "Giacomini, Hector"]
[Black "Renman, Nils-Gustaf"]
[Result "1/2-1/2"]
[BlackTitle "IM"]
[WhiteElo "2127"]
[BlackElo "2324"]
[WhiteFideId "605352"]
[BlackFideId "1700367"]
[EventDate "2023.10.25"]

1. Nf3 d5 2. e3 Nf6 3. d4 e6 4. Bd3 c5 5. c3 Nc6 6. Nbd2 Qc7 7. O-O h6 8. Re1
Bd7 9. e4 cxd4 10. Nxd4 Nxd4 11. cxd4 dxe4 12. Nxe4 Bc6 13. Nxf6+ gxf6 14. Be4
Bxe4 15. Rxe4 f5 16. Bf4 Bd6 17. Rc1 Qd7 18. Be5 fxe4 19. Bxh8 Ke7 20. Bg7 Bf4
21. Rc3 Rg8 22. Qg4 Qxd4 23. Bxd4 Rxg4 24. Bxa7 Rg5 25. Be3 Rd5 26. g3 Bxe3 27.
Rxe3 f5 28. Kf1 Rb5 29. Re2 Kd6 30. Rc2 e5 31. Ke2 Kd5 32. Ke3 Rb4 33. f3 exf3
34. Kxf3 h5 35. b3 h4 36. Rc7 hxg3 37. hxg3 Kd6 38. Rf7 Ke6 39. Rxb7 1/2-1/2

[Event "31st World Senior 65+"]
[Site "Citta del Mare ITA"]
[Date "2023.10.30"]
[Round "6.12"]
[White "Martorelli, Antonio"]
[Black "Van Riemsdijk, Herman C."]
[Result "1/2-1/2"]
[WhiteTitle "IM"]
[BlackTitle "IM"]
[WhiteElo "2073"]
[BlackElo "2257"]
[WhiteFideId "801399"]
[BlackFideId "2100053"]
[EventDate "2023.10.25"]

1. e4 e5 2. Nf3 Nc6 3. Bc4 Nf6 4. d3 Be7 5. Nbd2 O-O 6. Bb3 d6 7. c3 Na5 8. Bc2
c5 9. Nf1 Nc6 10. Ng3 d5 11. Qe2 d4 12. h3 b5 13. O-O a5 14. Bd2 a4 15. a3 Ne8
16. cxd4 exd4 17. Rac1 Nc7 18. Bb1 Na5 19. Bxa5 Rxa5 20. Nd2 Ra6 21. f4 Re8 22.
f5 Bg5 23. Kh2 Qd6 24. Ba2 Bf4 25. Rxf4 Qxf4 26. Rxc5 Qd6 27. Rc2 Bxf5 28. Nf3
Be6 29. e5 Qd7 30. Bxe6 Nxe6 31. Nf5 Rc6 32. Rd2 Qd5 33. Qf2 h6 34. Qg3 Ng5 35.
N5xd4 Rg6 36. Qf4 Nxf3+ 37. Nxf3 Rge6 38. d4 f6 39. Qg4 fxe5 40. dxe5 Qc4 41.
Qg3 Qe4 42. Rd4 1/2-1/2

[Event "31st World Senior 65+"]
[Site "Citta del Mare ITA"]
[Date "2023.10.30"]
[Round "6.13"]
[White "Sepliarsky, Mario"]
[Black "Shnaider, David"]
[Result "1/2-1/2"]
[WhiteElo "2056"]
[BlackElo "2224"]
[WhiteFideId "20003234"]
[BlackFideId "4106482"]
[EventDate "2023.10.25"]

1. d4 d6 2. Nf3 Nf6 3. c4 g6 4. Nc3 Bg7 5. e4 O-O 6. h3 e5 7. d5 c5 8. Bg5 h6 9.
Be3 Na6 10. Be2 Nc7 11. O-O Rb8 12. a4 Bd7 13. Ne1 b6 14. Nd3 Nfe8 15. Qd2 Kh7
16. f4 exf4 17. Bxf4 Qe7 18. Rae1 a6 19. Bf3 f6 20. b4 Qd8 21. Rb1 cxb4 22. Rxb4
a5 23. Rb3 Na8 24. Kh1 Rc8 25. Nb5 Rxc4 26. Nb2 Bxb5 27. Rxb5 Rc7 1/2-1/2

[Event "31st World Senior 65+"]
[Site "Citta del Mare ITA"]
[Date "2023.10.30"]
[Round "6.14"]
[White "Djuric, Stefan"]
[Black "Malmdin, Nils-Ake"]
[Result "1-0"]
[WhiteTitle "GM"]
[BlackTitle "FM"]
[WhiteElo "2223"]
[BlackElo "2072"]
[WhiteFideId "900133"]
[BlackFideId "1701584"]
[EventDate "2023.10.25"]

1. e4 g6 2. d4 Bg7 3. Nf3 c5 4. d5 d6 5. Nc3 Nf6 6. Be2 Bg4 7. O-O O-O 8. a4 Na6
9. h3 Bxf3 10. Bxf3 Nc7 11. Bf4 Nd7 12. Be2 a6 13. Qc1 Re8 14. Bg5 Bd4 15. a5
Rb8 16. Nd1 b5 17. axb6 Rxb6 18. c3 Bg7 19. Ne3 Nf6 20. Nc4 Rb5 21. Bf3 Qb8 22.
Re1 Nd7 23. Be2 Ne5 24. Nxe5 Bxe5 25. Bxb5 axb5 26. Bf4 Bg7 27. Qd2 f6 28. b4 g5
29. Be3 c4 30. Ra5 h6 31. f4 Bf8 32. f5 Rc8 33. Rea1 Ne8 34. Ra7 Nc7 35. Qd1 Bg7
36. Qh5 Kf8 37. Kh2 Kg8 38. Qe2 Bf8 39. Qa2 e6 40. fxe6 Nxe6 41. Qf2 Nc7 42. Qf5
Bg7 43. Qd7 f5 44. Bd4 Bxd4 45. cxd4 c3 46. exf5 c2 47. f6 1-0

[Event "31st World Senior 65+"]
[Site "Citta del Mare ITA"]
[Date "2023.10.30"]
[Round "6.15"]
[White "Doncevic, Dario"]
[Black "Smolin, Sergey1"]
[Result "1-0"]
[WhiteTitle "IM"]
[BlackTitle "IM"]
[WhiteElo "2219"]
[BlackElo "2023"]
[WhiteFideId "14504553"]
[BlackFideId "4131177"]
[EventDate "2023.10.25"]

1. d4 Nf6 2. Nf3 g6 3. g3 Bg7 4. Bg2 O-O 5. O-O c5 6. c4 Na6 7. Nc3 d6 8. b3 Qa5
9. Bb2 cxd4 10. Nxd4 Qh5 11. e3 Bg4 12. Qd2 Nc5 13. f3 Bh3 14. Nde2 Bxg2 15.
Kxg2 Rfd8 16. Nf4 Qh6 17. Ncd5 Nxd5 18. Nxd5 Bxb2 19. Qxb2 Rd7 20. Rfd1 Rad8 21.
Rd2 Ne6 22. Rad1 Ng5 23. h4 Ne6 24. e4 Qg7 25. Qxg7+ Kxg7 26. Ne3 f6 27. f4 Nc5
28. Kf3 Rc7 29. Nd5 Rcd7 30. b4 Na4 31. Ne3 Nc3 32. Rc1 Na4 33. Rcd1 Nc3 34. Rc1
Na4 35. h5 a6 36. Rh1 g5 37. Rhd1 Nc3 38. Rc1 Na4 39. Rcd1 Nc3 40. Rc1 Na4 41.
Nf5+ Kf7 42. fxg5 fxg5 43. Ke3 e6 44. Nd4 Re7 45. Nf3 h6 46. Ne5+ Kf6 47. Rf1+
Kg7 48. Ng4 Nb6 49. Kd3 d5 50. exd5 exd5 51. c5 Nc4 52. Rdf2 Rdd7 53. Rf6 Ne5+
54. Nxe5 Rxe5 55. Rg6+ Kh7 56. Rff6 Rg7 57. Rxh6+ Kg8 58. Rhg6 Re4 59. Rxg7+
Kxg7 60. Rb6 Rg4 61. Rxb7+ Kh6 62. c6 Kxh5 63. c7 Rc4 64. a4 1-0

[Event "31st World Senior 65+"]
[Site "Citta del Mare ITA"]
[Date "2023.10.30"]
[Round "6.16"]
[White "Halafov, Ilgar"]
[Black "Madeira, Wagner Martins"]
[Result "0-1"]
[BlackTitle "FM"]
[WhiteElo "2196"]
[BlackElo "2012"]
[WhiteFideId "13401025"]
[BlackFideId "2100797"]
[EventDate "2023.10.25"]

1. d4 Nf6 2. Nf3 e6 3. Bf4 b6 4. e3 Bb7 5. Nbd2 Be7 6. Bd3 d5 7. c3 Nbd7 8. Ne5
O-O 9. Qf3 c5 10. Qh3 g6 11. Ndf3 Nxe5 12. dxe5 Nh5 13. Bh6 Ng7 14. O-O-O Rc8
15. Kb1 Re8 16. Rhg1 c4 17. Bc2 b5 18. Bf4 Nh5 19. Nd4 Qb6 20. g4 Nxf4 21. exf4
b4 22. f5 bxc3 23. Qxc3 Bb4 24. Qe3 Bc5 25. Rg3 c3 26. b3 Qa5 27. fxg6 fxg6 28.
Rh3 Bf8 29. Rd3 Qa3 30. Qc1 Qa5 31. Qe3 Qa3 32. Rxc3 Rxc3 33. Qxc3 Rc8 34. Qb2
Qa5 35. a4 Qe1+ 36. Ka2 Qxe5 37. Re3 Qxh2 38. Nxe6 Qxf2 39. Rc3 d4 40. Rxc8 Bxc8
41. Nxf8 Kxf8 42. Qa3+ Ke8 43. Qc5 Bxg4 44. Qc6+ Bd7 45. Qe4+ Kf7 46. Ka3 a5 47.
Bd3 Qe3 48. Bc4+ Kf6 49. Qh4+ Kg7 50. Qd8 Bf5 51. Qxa5 Qc1+ 52. Kb4 Qc3+ 53. Kb5
Qxa5+ 54. Kxa5 d3 55. Kb4 d2 56. Be2 Bc2 57. a5 d1=Q 58. Bxd1 Bxd1 59. a6 h5 60.
Kc5 h4 0-1

[Event "31st World Senior 65+"]
[Site "Citta del Mare ITA"]
[Date "2023.11.01"]
[Round "7.1"]
[White "Nunn, John D M"]
[Black "Campora, Daniel H."]
[Result "0-1"]
[WhiteTitle "GM"]
[BlackTitle "GM"]
[WhiteElo "2560"]
[BlackElo "2343"]
[WhiteFideId "400017"]
[BlackFideId "100013"]
[EventDate "2023.10.25"]

1. e4 e5 2. Nf3 Nc6 3. Bb5 a6 4. Ba4 Nf6 5. O-O Be7 6. Re1 b5 7. Bb3 d6 8. c3
O-O 9. h3 Bb7 10. d4 Re8 11. Nbd2 Bf8 12. a3 Na5 13. Bc2 c5 14. b4 Nc6 15. d5
Na7 16. Nb3 Nd7 17. Be3 Qc7 18. Na5 Nc8 19. c4 Ncb6 20. cxb5 axb5 21. Qe2 Ba6
22. Rec1 h6 23. Nh4 g6 24. Nf3 Bg7 25. Rab1 f5 26. exf5 e4 27. Nh4 g5 28. Ng6
Nxd5 29. Bd2 c4 30. h4 gxh4 31. Qg4 N7f6 32. Qxh4 Bc8 33. Bxh6 Bxf5 34. Nf4 Bxh6
35. Nxd5 Nxd5 36. Qxh6 Qg7 37. Qd2 Nc3 38. Rb3 Bh3 39. g3 e3 40. fxe3 Qxg3+ 41.
Kh1 Bg4 0-1

[Event "31st World Senior 65+"]
[Site "Citta del Mare ITA"]
[Date "2023.11.01"]
[Round "7.2"]
[White "Rooze, Jan"]
[Black "Legky, Nikolay A"]
[Result "1/2-1/2"]
[WhiteTitle "IM"]
[BlackTitle "GM"]
[WhiteElo "2245"]
[BlackElo "2348"]
[WhiteFideId "200050"]
[BlackFideId "14100312"]
[EventDate "2023.10.25"]

1. e4 c6 2. Nc3 d5 3. Nf3 Bg4 4. h3 Bxf3 5. Qxf3 e6 6. Be2 d4 7. Nb1 c5 8. Bb5+
Nd7 9. Na3 a6 10. Bxd7+ Qxd7 11. Nc4 Rd8 12. a4 b5 13. axb5 axb5 14. Na5 e5 15.
d3 Ne7 16. h4 Ra8 17. Bd2 Nc6 18. O-O Nxa5 19. Bxa5 Bd6 20. Bd2 O-O 21. b3 Qe6
22. Qf5 1/2-1/2

[Event "31st World Senior 65+"]
[Site "Citta del Mare ITA"]
[Date "2023.11.01"]
[Round "7.3"]
[White "Moen, Ole Christian"]
[Black "Chapman, Terry P D"]
[Result "0-1"]
[WhiteTitle "FM"]
[BlackTitle "FM"]
[WhiteElo "2157"]
[BlackElo "2284"]
[WhiteFideId "1500457"]
[BlackFideId "413399"]
[EventDate "2023.10.25"]

1. e4 c6 2. Nc3 d5 3. Nf3 Bg4 4. h3 Bh5 5. d3 e6 6. Be2 Bd6 7. O-O Ne7 8. Nd4
Bxe2 9. Qxe2 e5 10. Nf5 Nxf5 11. exf5 Nd7 12. f4 O-O 13. fxe5 Bxe5 14. Kh1 Qh4
15. Qf3 Rfe8 16. Bf4 b5 17. Bxe5 Rxe5 18. Qf2 Qxf2 19. Rxf2 Rae8 20. a3 Nf6 21.
d4 Re3 22. Kh2 h5 23. Rd1 Kf8 24. g3 a5 25. Kg2 b4 26. axb4 axb4 27. Na2 Ne4 28.
Rf3 Re2+ 29. Kg1 Ng5 0-1

[Event "31st World Senior 65+"]
[Site "Citta del Mare ITA"]
[Date "2023.11.01"]
[Round "7.4"]
[White "Vaganian, Rafael A"]
[Black "Djuric, Stefan"]
[Result "1-0"]
[WhiteTitle "GM"]
[BlackTitle "GM"]
[WhiteElo "2493"]
[BlackElo "2223"]
[WhiteFideId "13300016"]
[BlackFideId "900133"]
[EventDate "2023.10.25"]

1. d4 Nf6 2. Nf3 d5 3. c4 dxc4 4. e3 e6 5. Bxc4 c5 6. O-O a6 7. dxc5 Qxd1 8.
Rxd1 Bxc5 9. Nbd2 Nc6 10. b3 b5 11. Be2 Bb7 12. Bb2 Rd8 13. a4 bxa4 14. Rxa4 Nb4
15. Rc1 Be7 16. Rc7 Bxf3 17. Nxf3 Nfd5 18. Rb7 Bf6 19. Bxf6 gxf6 20. Raxb4 Nxb4
21. Rxb4 O-O 22. Rg4+ Kh8 23. Ra4 Rb8 24. Bc4 Rfd8 25. Kf1 Rd1+ 26. Ke2 Rb1 27.
Nd2 Rb2 28. g4 e5 29. e4 Rd8 30. Bd3 Rb8 31. Ra3 a5 32. Kd1 Rd8 33. Bc2 Kg7 34.
Kc1 Rd4 35. Rxa5 Kh6 36. h4 1-0

[Event "31st World Senior 65+"]
[Site "Citta del Mare ITA"]
[Date "2023.11.01"]
[Round "7.5"]
[White "Roos, Louis"]
[Black "Knaak, Rainer"]
[Result "0-1"]
[WhiteTitle "IM"]
[BlackTitle "GM"]
[WhiteElo "2257"]
[BlackElo "2451"]
[WhiteFideId "600288"]
[BlackFideId "4611250"]
[EventDate "2023.10.25"]

1. e4 e5 2. Nf3 Nc6 3. Bb5 a6 4. Ba4 Nf6 5. O-O b5 6. Bb3 d6 7. Ng5 d5 8. exd5
Nd4 9. d6 Nxb3 10. dxc7 Qxc7 11. axb3 h6 12. Nf3 e4 13. Re1 Be7 14. Nc3 Bb7 15.
Nd4 Bc5 16. Nce2 Ng4 17. Ng3 Nxf2 18. Kxf2 Bxd4+ 19. Kf1 O-O 20. d3 exd3 21. c3
Ba7 22. Qxd3 Rad8 23. Qc2 Rfe8 0-1

[Event "31st World Senior 65+"]
[Site "Citta del Mare ITA"]
[Date "2023.11.01"]
[Round "7.6"]
[White "Fernandez Garcia, Jose Luis"]
[Black "Doncevic, Dario"]
[Result "1/2-1/2"]
[WhiteTitle "GM"]
[BlackTitle "IM"]
[WhiteElo "2379"]
[BlackElo "2219"]
[WhiteFideId "2200023"]
[BlackFideId "14504553"]
[EventDate "2023.10.25"]

1. e4 c5 2. Nf3 g6 3. d4 cxd4 4. Nxd4 Bg7 5. Nb3 Nc6 6. Bc4 Nf6 7. Nc3 b6 8. O-O
O-O 9. Re1 d6 10. Bf1 Bb7 11. Nd5 e6 12. Nxf6+ Bxf6 13. c3 Qc7 14. Bh6 Rfd8 15.
Qf3 Qe7 16. Bf4 Ne5 17. Qg3 Bh4 18. Qh3 Bf6 19. Nd4 Rac8 20. Nf3 Nc4 21. Bc1 Ne5
22. Bf4 Nc4 23. Bc1 Ne5 1/2-1/2

[Event "31st World Senior 65+"]
[Site "Citta del Mare ITA"]
[Date "2023.11.01"]
[Round "7.8"]
[White "Ftacnik, Lubomir"]
[Black "Petran, Peter"]
[Result "1-0"]
[WhiteTitle "GM"]
[BlackTitle "IM"]
[WhiteElo "2451"]
[BlackElo "2192"]
[WhiteFideId "14900017"]
[BlackFideId "14900114"]
[EventDate "2023.10.25"]

1. d4 f5 2. Nf3 c6 3. g3 d6 4. c4 g6 5. Bg2 Bg7 6. Nc3 Nh6 7. O-O O-O 8. e4 Nf7
9. exf5 Bxf5 10. h3 e5 11. d5 cxd5 12. cxd5 Na6 13. g4 Bd7 14. Be3 Nc7 15. Rc1
Ne8 16. Qb3 b6 17. Ne4 h6 18. Qd3 g5 19. Nfd2 Nf6 20. Rc2 Qe7 21. Nxf6+ Qxf6 22.
Rc7 Qd8 23. Rfc1 Rc8 24. Rxc8 Bxc8 25. Qa3 a6 26. Ne4 Bb7 27. Qd3 b5 28. Ng3 e4
29. Qxe4 Re8 30. Qc2 Qa8 31. Nh5 Ne5 32. Qc7 Nf7 33. Nxg7 Rc8 34. Qb6 Rxc1+ 35.
Bxc1 Kxg7 36. Bd2 Bc8 37. Bc3+ Kf8 38. Qd4 Ne5 39. Bb4 Nf7 40. Qf6 Qb8 41. Be4
Qc7 42. Bg6 Kg8 43. Bc3 Ne5 44. Bxe5 dxe5 45. d6 Qc1+ 46. Kh2 1-0

[Event "31st World Senior 65+"]
[Site "Citta del Mare ITA"]
[Date "2023.11.01"]
[Round "7.9"]
[White "Balashov, Yuri S"]
[Black "Bergstrom, Rolf"]
[Result "1-0"]
[WhiteTitle "GM"]
[BlackTitle "FM"]
[WhiteElo "2390"]
[BlackElo "2152"]
[WhiteFideId "4100263"]
[BlackFideId "1702386"]
[EventDate "2023.10.25"]

1. d4 Nf6 2. c4 b6 3. Nc3 Bb7 4. Qc2 d5 5. cxd5 Nxd5 6. e4 Nxc3 7. bxc3 e5 8.
Nf3 exd4 9. Bc4 Nc6 10. O-O d3 11. Bxd3 Be7 12. Bf4 O-O 13. e5 h6 14. Rad1 Qe8
15. Bf5 Bc8 16. Be4 Ba6 17. Rfe1 Rd8 18. Nd4 Nxd4 19. cxd4 Bb4 20. Re3 Qe7 21.
a3 Ba5 22. Rg3 Kh8 23. Bg5 Qxg5 24. Rxg5 hxg5 25. Qb3 g6 26. Qe3 g4 27. Bc6 Bc8
28. f3 Kg8 29. Kh1 gxf3 30. Qxf3 Bd7 31. h3 Rfe8 32. Rf1 Re7 33. Qf6 Rde8 34.
Bd5 1-0